[Event "Sao Paulo zt 2.4"]
[Site "Sao Paulo"]
[Date "2001.??.??"]
[Round "4"]
[White "Pelikian, Jefferson"]
[Black "Soto Vega, Jorge"]
[Result "1/2-1/2"]
[WhiteElo "2415"]
[BlackElo "2386"]
[Annotator "Melao,H"]
[PlyCount "84"]
[EventDate "2001.06.07"]
[EventType "tourn"]
[EventRounds "9"]
[EventCountry "BRA"]
[EventCategory "8"]
[SourceTitle "CBM 082 Extra"]
[Source "ChessBase"]
[SourceDate "2001.07.03"]
[SourceVersion "1"]
[SourceVersionDate "2001.07.03"]
[SourceQuality "1"]

1. e4 d6 2. Nc3 g6 3. f4 Bg7 4. Nf3 c5 5. Bb5+ Nc6 6. Bxc6+ bxc6 7. O-O Nh6 8.
d3 O-O 9. Qe1 (9. f5 gxf5 10. Nh4 fxe4 11. Bxh6 Bxh6 12. Qh5 Bg7 13. Nxe4 h6
14. Rf3 d5 15. Nf2 e6 16. Rg3 Kh7 17. Rf1 Kh8 18. Nh3 Bd7 19. Rxf7 Rxf7 20.
Qxf7 Bd4+ 21. Kh1 Qxh4 22. Nf4 {1-0 Haik,A-Arnason,J/Cannes 1993/EXT 2000 (22)}
) 9... c4 (9... Qb6 10. Kh1 Kh8 11. Qh4 Ng8 12. Ng5 h6 13. Nf3 c4 14. d4 Bxd4
15. Na4 Qa6 16. Nxd4 c3 17. Be3 Qxa4 18. b3 Qa5 19. f5 Kg7 20. fxg6 f6 21. Nf5+
Bxf5 22. Rxf5 Qa3 23. Rh5 Qb2 24. Rf1 Qxc2 25. Rxh6 Qe2 26. Rh7+ Kxg6 27. Rf3 {
1-0 Quast,M-Sziraki,T/Eger 1991/EXT 97 (27)}) (9... f6 10. Kh1 Nf7 11. Na4 e5
12. fxe5 fxe5 13. Be3 Rb8 14. Qd2 h6 15. b3 Kh7 16. Rf2 Be6 17. c3 Qa5 18. c4
Qxd2 19. Bxd2 Rb7 20. Raf1 Re8 21. h3 g5 22. Ne1 Nh8 23. Kh2 Ng6 24. g3 Rf8 25.
Nc2 Rxf2+ 26. Rxf2 Ne7 27. Ne3 Kg6 28. g4 Kh7 29. Nf5 Nxf5 30. exf5 Bf7 31. Be3
Bf8 32. Nc3 Be7 33. Ne4 {1/2-1/2 Hebbinghaus,H-Meissner,H/Germany 1998/
GER-chT2 (33)}) (9... e6 10. Kh1 Rb8 11. b3 Re8 12. Bd2 Ba6 13. Rd1 Qe7 14. Na4
Bb5 15. Nc3 f6 16. Ne2 Nf7 17. c4 Ba6 18. Bc3 d5 19. Qg3 Bb7 20. h4 Nd6 21. Nd2
Rbd8 22. Bb2 f5 23. e5 Nf7 24. Nf3 Rd7 25. Ba3 {1/2-1/2 Theodorakopoulos,
G-Tzoumbas,A/Poros 1998/EXT 99 (25)}) (9... Rb8 10. b3 $11) 10. d4 Qb6 11. Kh1
Bg4 ({seria muito duvidoso entregar o Bispo do fianqueto com a única
finalidade de ganhar um Peão. A debilidade resultante nas casas pretas da ala
do Rei seria compensação mais que suficiente, conforme podemos ver em algumas
das possíveis variantes:} 11... Bxd4 $6 12. Nxd4 Qxd4 13. f5 Ng4 (13... Kg7 14.
Bxh6+ $1 Kxh6 15. Qh4+ Kg7 16. Qxe7 Qe5 17. f6+ Kg8 18. Rad1 $18) 14. Qe2 $16 (
14. Qh4 $5)) 12. f5 Bxf3 13. Rxf3 f6 (13... Ng4 14. Qh4 h5 15. h3 $16) (13...
Qxd4 $2 14. Qh4 Nxf5 15. Qh3 $1 $18 {[%csl Gd4,Gd6,Ye3,Ge7,Rf5,Gg3,Gg7,Gh4,Yh6]
[%cal Yh3e3,Yh3h6,Yc1h6] e o Cavalo preto não teria casa!}) 14. d5 $6 {para
ganhar a casa 'd5', mas dá contra-jogo às Pretas, conforme veremos.} (14. Qe2
$1 $16 {[%csl Rc4]}) 14... Nf7 {[%csl Ge5]} 15. dxc6 Qxc6 16. Nd5 Rae8 17. fxg6
hxg6 18. Rg3 (18. Qh4 Ne5 19. Rh3 Kf7 $1 $132) 18... Ne5 19. Bf4 Kf7 $2 (19...
e6 20. Nc3 f5 $1 $132 {e as Pretas escapariam da morte por asfixia.}) 20. Bxe5
dxe5 21. Qa5 $1 {[%csl Ra7] O ataque branco evoluiu até onde podia e agora
chegou o momento de atacar as debilidades na ala da Dama.} Qb7 22. b3 e6 23.
Nc3 Re7 24. Rf1 cxb3 25. cxb3 Rc8 26. Qxe5 $6 {ativando o Bispo preto por um
preço muito pequeno...} f5 27. Qa5 Qb6 28. Qxb6 axb6 29. Nb5 Be5 30. Rd3 Kf6
31. exf5 gxf5 32. Nd6 Rc2 33. Rd2 (33. a4 $5) 33... Rec7 34. Rxc2 Rxc2 35. Nc4
Bd4 36. a4 e5 37. Nd6 Bf2 ({tranqüilo seria} 37... f4 $11) 38. g4 e4 39. gxf5
Ke5 40. Nc4+ Kf6 41. Nd6 Ke5 42. Nc4+ Kf6 (42... Kf6 43. Kg2 $5) 1/2-1/2

[Event "Tbilisi FIDE GP"]
[Site "Tbilisi"]
[Date "2015.02.25"]
[Round "9"]
[White "Jobava, Baadur"]
[Black "Vachier Lagrave, Maxime"]
[Result "0-1"]
[WhiteElo "2696"]
[BlackElo "2775"]
[Annotator "Mokal,P"]
[PlyCount "150"]
[EventDate "2015.02.15"]
[EventType "tourn"]
[EventRounds "11"]
[EventCountry "GEO"]
[EventCategory "20"]
[SourceTitle "CBM 165"]
[Source "ChessBase"]
[SourceDate "2015.03.11"]
[SourceVersion "1"]
[SourceVersionDate "2015.03.11"]
[SourceQuality "1"]
[WhiteClock "0:28:18"]
[BlackClock "0:07:38"]

1. e4 c5 2. Nc3 Nc6 3. Bb5 Nd4 4. a4 a6 5. Be2 $146 {A strange opening choice
for others but a 'normal' one for Jobava.} (5. Bc4 {is theory.}) 5... g6 6. Nf3
Bg7 7. d3 {[%csl Re2] White's B must have been really unhappy for the moment.
Jobava tried to comfort it, but in vain.} e6 8. Nxd4 cxd4 9. Nb1 Ne7 {Most
Sicilian players would be happy to play this position with Black. The
structure gives Black dynamic possibilities and an easy counter and control in
the centre.} 10. Nd2 d5 $1 11. b3 {[%csl Rc3] This weakening of the c3-square
and the pawn structure in general is hard to approve of.} dxe4 12. Nxe4 f5 13.
Nd2 Nd5 {[%csl Rc2,Rc3,Gd4,Gd5,Ge4] Black has better control of the centre and
naturally, better control of the game.} 14. Nc4 O-O 15. O-O e5 16. Bb2 Be6 17.
Bf3 Qc7 ({Black does not need to venture into the following complications.} 
17... b5 $5 18. axb5 axb5 19. Rxa8 Qxa8 20. Nxe5 $5 Bxe5 21. Qe1 {[%csl Ge1]
[%cal Gg2g3,Ge1g3] The reasoning behind this will become clear soon.} (21. Qe2
Qb8 22. Bxd4 Bxh2+ 23. Kh1 Bf7 24. g3 Bxg3 25. fxg3 Qxg3 $17) 21... Qb8 22.
Bxd4 Bxh2+ 23. Kh1 Bf7 24. g3 {[%cal Ge1g3] This is the point behind choosing
21.Qe1 over 21.Qe2.} Re8 25. Qd2 Bxg3 26. fxg3 Qxg3 27. Qh6 Re5 28. Bxe5 Qxe5
29. c4 $13) 18. Re1 Bf7 ({A move worth considering was} 18... b5 $5 {but again,
things are not so clear} 19. axb5 axb5 20. Rxa8 Rxa8 21. Bxd4 $1 bxc4 22. dxc4
exd4 (22... Rd8 23. cxd5 Bxd5 24. Bb6 Qxb6 25. Bxd5+ $16) 23. cxd5 Bf7 24. d6
Qd8 25. Bxa8 Qxa8 26. Qf3 Qc8 $13) 19. a5 Rad8 20. Qd2 Rfe8 21. g3 h6 22. Bg2
Kh7 23. Ra4 Re7 {Black has improved the position of all his pieces and is now
ready to begin action in the centre and on the kingside.} 24. Re2 g5 25. Qe1
Be8 ({Leaving the white R on a4 and going for the direct} 25... Bh5 {is also a
good option.} 26. Bh3 (26. Rd2 Nc3 27. Ra1 e4 28. dxe4 Nxe4 29. Bxe4 fxe4 $17)
26... Kg6 27. Rd2 e4 28. dxe4 Rxe4 $15) 26. Ra1 Bh5 27. Bh3 Bg6 28. Bg2 Bh5 29.
Bh3 Kg6 30. Rd2 Bf3 31. Qf1 Qc6 {Somewhere around this point it seems that
Black could have got much more out of the position than he did in the game.} (
31... g4 $5 32. Bg2 h5 {looks menacing} 33. Bxf3 gxf3 34. Qh3 Qc6 $17 {[%csl
Rc4,Rd2] Clearly, it is Black who dictates the terms here.} (34... e4 $5 35.
dxe4 fxe4 36. Bxd4 Bxd4 37. Rxd4 Nf4 {[%csl Rd4,Rh3]} 38. gxf4 Rxd4 39. Kh1 $44
{[%csl Rg6]})) 32. Bg2 Nc7 $6 (32... g4 $142 $15 {This move cramps the White
position and looks much better for Black.}) 33. Bxf3 Qxf3 34. Re1 Nb5 35. Rde2
Rde8 36. Nd2 Qc6 37. Nc4 Qf3 38. Qg2 g4 (38... Qxg2+ 39. Kxg2 e4 40. g4 $5 $15
{Black is better but it seems like White is starting to free himself slowly.})
39. Nd2 Qxg2+ 40. Kxg2 h5 41. f3 Bf6 $15 {With such a space advantage, Black
is still in control.} 42. h3 $6 {In hindsight this proved to be an unfortunate
provocation, but it was very hard to foresee Black's brilliant ideas at this
stage.} gxf3+ $1 43. Kxf3 (43. Nxf3 e4 $17) 43... h4 44. g4 (44. gxh4 Kh5 45.
Rg1 Bxh4 46. Reg2 (46. Nc4 $2 e4+ $19) 46... e4+ 47. dxe4 fxe4+ 48. Ke2 Rf7 $17
) 44... e4+ $1 {A beautiful pawn sacrifice! The main idea is to take away the
blockading e4-square from the white pieces, which will in turn make the white
K vulnerable! Such a sacrifice is seen very often in the middlegame but not so
often when the position is closer to the endgame.} (44... fxg4+ $5 45. hxg4 (
45. Kxg4 Rg7 46. Kf3 (46. Ne4 Kh6+ 47. Kf3 Bd8 48. Rf2 Rf8+ 49. Ke2 Rxf2+ 50.
Kxf2 Bxa5 $17) 46... Kf5 47. Ne4 Bd8 {[%cal Gd8a5]} 48. Ra1 Rf8 49. Rf2 Ke6+
50. Ke2 Rxf2+ 51. Nxf2 Rg2 $17) 45... Bg5 46. Ne4 Rf7+ 47. Kg2 Bd8 (47... Rf4
$2 48. Bc1 Rxg4+ 49. Kh3 $18) 48. Rh1 (48. Ra1 Rf4 49. Kh3 Ref8 $17) 48... Rf4
$15) 45. dxe4 fxg4+ 46. Kxg4 (46. hxg4 Be5 $1 47. Nc4 (47. Kg2 h3+ $1 48. Kh1 (
48. Kxh3 Rh7+ 49. Kg2 Rh2+ 50. Kg1 Rxe2 51. Rxe2 d3 52. cxd3 Bxb2 $17 {[%csl
Ra5,Rb3,Gc3,Gd4,Ge5]}) 48... d3 49. Bxe5 dxe2 50. Bb2 Nd6 51. Ba3 Rxe4 52. Bxd6
Rd4 53. Nc4 Rd1 54. Bb4 Rxe1+ 55. Bxe1 Kg5 $19) 47... Rf7+ 48. Kg2 Bg3 $17 49.
Rf1 Rxf1 50. Kxf1 h3 51. Kg1 Rf8 52. e5 Nc3 53. Bxc3 dxc3 54. Ne3 Bxe5 $19)
46... Rf7 $1 {[%csl Rg4][%cal Gf7f1]} 47. Rf2 ({Black has nice mating ideas in
the following variation} 47. Nf3 Rg8 48. Bc1 (48. e5 Kh6+ 49. Kf5 Bg5+ 50. Ke6
Nc7+ 51. Kd6 (51. Kxf7 Rg7+ 52. Kf8 Be7#) 51... Be7+ 52. Kxc7 Bc5#) 48... Kh7+
49. Kf5 (49. Kh5 Kh8 $19 {[%cal Gf7h7]}) 49... Bg5+ 50. Ke5 Re8+ 51. Kd5 Rd7+
52. Kc5 Rc8+ 53. Kb6 (53. Kb4 Be7+ 54. Ka4 Nc3#) 53... Bd8#) (47. e5 $2 Bg5 {
[%cal Gf7f4]} 48. Rf1 Rxf1 49. Nxf1 Rf8 $19 {[%cal Gf8f4]}) 47... Rg8 48. Rf5
Nd6 $1 49. Rh5 Be5 $3 50. Rf1 (50. Rxe5 Kh6+ 51. Kxh4 Rf4#) 50... Rxf1 51. Nxf1
Nf7 {[%csl Rh5] And the white R is stuck on h5. With a major piece out of the
game, the white queenside willl fall apart.} 52. Bc1 (52. Rf5 Nh6+ $19) (52.
Rxh4 Rc8 53. Kf3 Ng5+ $19 {[%csl Rf3][%cal Gc8c2]}) (52. Kxh4 Bf6+ 53. Kg4 Ne5+
54. Rxe5 Bxe5 {[%cal Gg8c8,Gc8c2]} 55. Nd2 (55. Kf3 Rf8+ 56. Ke2 d3+ $1 $19)
55... Kf6+ 56. Kf3 Rg3+ 57. Kf2 d3 $1 58. Bxe5+ Kxe5 59. cxd3 Rxd3 60. Ke2 Rxh3
{[%csl Rd2,Re2,Ge5,Gh3] Black is just too active.} 61. Kd1 (61. Nc4+ Kxe4 62.
Nd6+ Kd5 63. Nxb7 Rh7 64. Nd8 Rd7 $19) 61... Kd4 62. Kc2 Rh2 $19) 52... Rc8 53.
c4 dxc3 54. Ne3 Re8 {[%csl Re4][%cal Ge8e4,Ge5f6,Ge5g3] White gets no respite.}
55. Ng2 (55. Nf5 Bf6 56. Nxh4+ Bxh4 57. Rxh4 Rxe4+ 58. Kg3 Rxh4 59. Kxh4 c2 60.
Kg3 Ne5 $19 {[%cal Ge5d3]}) 55... Bg3 56. Nf4+ Bxf4 57. Bxf4 Rxe4 58. Rc5 {
The R is finally free, but it's already too late.} Rb4 $1 59. Kf3 (59. Rxc3 $2
Ne5+ 60. Kxh4 Rxf4+ $19) 59... Rxb3 60. Ke4 Rb4+ 61. Kf3 Rb5 62. Rxc3 Rxa5 63.
Rc7 Rb5 64. Bd2 a5 65. Bc3 a4 66. Kg4 a3 67. Re7 Nh6+ 68. Kf4 a2 69. Rg7+ Kh5
70. Rg2 Rf5+ 71. Ke4 Ra5 72. Rg1 Ra4+ 73. Kd5 Nf7 74. Ke6 Ng5+ 75. Kf5 Rf4+ $1
{A picturesque finish!} 0-1

[Event "Montreal WCT"]
[Site "Montreal"]
[Date "2005.01.17"]
[Round "3"]
[White "Perelshteyn, Eugene"]
[Black "Lawson, Eric"]
[Result "1/2-1/2"]
[WhiteElo "2505"]
[BlackElo "2373"]
[Annotator "Mueller,Karsten"]
[PlyCount "73"]
[EventDate "2005.01.15"]
[EventType "tourn"]
[EventRounds "9"]
[EventCountry "CAN"]
[EventCategory "10"]
[SourceTitle "CBM 105"]
[Source "ChessBase"]
[SourceDate "2005.04.11"]
[SourceVersion "1"]
[SourceVersionDate "2005.04.11"]
[SourceQuality "1"]

1. e4 c5 2. Nc3 Nc6 3. f4 g6 4. Nf3 Bg7 5. Bb5 Nd4 6. O-O Nxb5 7. Nxb5 d5 8.
exd5 a6 9. Nc3 Nf6 10. d4 c4 11. Qe2 Nxd5 12. Qxc4 Be6 13. Nxd5 Bxd5 14. Qe2
Rc8 15. Rd1 Bxf3 16. Qxf3 Bxd4+ 17. Kf1 Qb6 18. Qb3 O-O 19. c3 Bc5 20. Qxb6
Bxb6 21. Ke2 Rfd8 22. Be3 Bxe3 23. Kxe3 Kg7 24. Rxd8 Rxd8 25. c4 Kf6 26. Rc1 e5
27. fxe5+ Kxe5 28. c5 f5 29. c6 b5 30. c7 Rc8 31. h4 Kd6 32. Kf4 Rxc7 33. Rxc7
Kxc7 34. Kg5 Kd6 35. Kh6 Ke5 36. Kxh7 Kf6 37. g3 $4 {[%mdl 4096] Es kommt
durchaus häufig vor, dass der Zug, mit dem Remis angeboten wird, nicht der
stärkste ist:} (37. g3 $4 g5 38. hxg5+ Kxg5 39. Kg7 f4 40. gxf4+ Kxf4 41. Kf6
Ke4 42. Ke6 Kd3 43. Kd5 Kc2 44. b4 Kb2 45. Kc5 Kxa2 46. Kb6 Kb3 47. Ka5 Ka3 $19
) (37. Kh6 $2 f4 38. b4 Kf5 39. Kg7 g5 $1 (39... Kg4 $2 40. Kxg6 Kxh4 41. Kf5
Kg3 42. a3 f3 43. gxf3 Kxf3 44. Ke5 Ke3 45. Kd5 Kd3 46. Kc5 Kc3 47. Kb6 Kb3 48.
Kxa6 Ka4 49. Kb6 $18) 40. h5 $1 (40. hxg5 Kxg5 41. a3 Kf5 42. Kf7 Ke5 43. Ke7
Kf5 44. Kd6 Kg4 45. Ke6 Kg5 46. Ke5 Kg4 47. Kf6 Kh4 48. Kf5 Kg3 $11) 40... g4
41. h6 f3 42. gxf3 g3 43. h7 g2 44. h8=Q g1=Q+ 45. Kf8 $14) (37. Kg8 $1 f4 38.
b4 Kf5 39. Kf7 Kg4 (39... g5 40. h5 g4 41. h6 f3 42. gxf3 gxf3 43. h7 f2 44.
h8=Q f1=Q 45. Qf6+ $18) 40. Kxg6 Kxh4 41. Kf5 Kg3 42. a3 $22 $18) 1/2-1/2

[Event "FRA-chT Top 12"]
[Site "Brest"]
[Date "2019.05.25"]
[Round "8.8"]
[White "Libiszewski, Fabien"]
[Black "Sebag, Marie"]
[Result "1-0"]
[WhiteElo "2511"]
[BlackElo "2476"]
[Annotator "Mueller,Karsten"]
[PlyCount "105"]
[EventDate "2019.05.18"]
[EventType "team-tourn"]
[EventRounds "11"]
[EventCountry "FRA"]
[SourceTitle "CBM 191"]
[Source "ChessBase"]
[SourceDate "2019.08.31"]
[SourceVersion "1"]
[SourceVersionDate "2019.08.31"]
[SourceQuality "1"]
[WhiteTeam "Clichy 92"]
[BlackTeam "Bischwiller"]
[WhiteTeamCountry "FRA"]
[BlackTeamCountry "FRA"]
[TimeControl "40/5400+30:1800+30"]

1. e4 {[%emt 0:00:12]} c5 {[%emt 0:00:00]} 2. Nc3 {[%emt 0:00:09]} a6 {[%emt 0:
00:02]} 3. g3 {[%emt 0:00:20]} b5 {[%emt 0:04:51]} 4. Bg2 {[%emt 0:00:41]} Bb7
{[%emt 0:00:39]} 5. Nh3 {[%emt 0:01:08]} (5. d3) 5... e6 {[%emt 0:07:13]} 6.
O-O {[%emt 0:03:41]} Qc7 {[%emt 0:06:35]} 7. d3 {[%emt 0:06:57]} Nf6 {[%emt 0:
05:04]} 8. f4 {[%emt 0:01:08]} d6 {[%emt 0:09:02]} 9. e5 {[%emt 0:28:19]} Bxg2
{[%emt 0:18:19]} 10. Kxg2 {[%emt 0:00:14]} Qc6+ {[%emt 0:14:13]} 11. Kg1 {
[%emt 0:01:39]} Nfd7 {[%emt 0:11:39]} 12. exd6 {[%emt 0:12:14]} Nf6 {[%emt 0:
00:33]} 13. a4 {[%emt 0:12:34]} b4 {[%emt 0:00:44]} 14. Ne4 {[%emt 0:00:12]}
Nxe4 {[%emt 0:05:10]} 15. dxe4 {[%emt 0:00:05]} Bxd6 {[%emt 0:01:13]} 16. Qe2 {
[%emt 0:12:23]} O-O {[%emt 0:01:39]} 17. Rd1 {[%emt 0:00:09]} c4 {[%emt 0:01:
00]} 18. Be3 {[%emt 0:01:09]} Nd7 {[%emt 0:05:10]} 19. Nf2 {[%emt 0:00:09]} Be7
{[%emt 0:01:05]} 20. Rd4 {[%emt 0:04:32]} Rac8 {[%emt 0:00:24]} 21. Rad1 {
[%emt 0:00:51]} Nf6 {[%emt 0:01:37]} 22. g4 {[%emt 0:07:23]} Rfd8 {[%emt 0:01:
27]} 23. g5 {[%emt 0:01:03]} Ne8 {[%emt 0:00:24]} 24. b3 {[%emt 0:00:22]} Rxd4
{[%emt 0:00:52]} 25. Rxd4 {[%emt 0:00:48]} cxb3 {[%emt 0:00:43]} 26. cxb3 {
[%emt 0:00:04]} Rd8 {[%emt 0:00:51]} 27. Rc4 {[%emt 0:01:37]} Qd7 {[%emt 0:00:
10]} 28. Qc2 {[%emt 0:00:35]} g6 {[%emt 0:00:53]} 29. Kg2 {[%emt 0:01:37]} Bf8
{[%emt 0:01:28]} 30. Bb6 {[%emt 0:00:38]} Rb8 {[%emt 0:00:11]} 31. Bd4 {
[%emt 0:00:09]} Nd6 {[%emt 0:01:05]} 32. Ng4 {[%emt 0:01:32]} Be7 {[%emt 0:00:
52]} 33. Rc7 {[%emt 0:00:47]} Rc8 {[%emt 0:00:19]} 34. Rxd7 {[%emt 0:00:22]}
Rxc2+ {[%emt 0:00:04]} 35. Kf3 {[%emt 0:00:08]} Kf8 {[%emt 0:00:53]} 36. Bf6 {
[%emt 0:01:15]} Nc8 {[%emt 0:00:52]} 37. Bxe7+ {[%emt 0:00:43]} Nxe7 {[%emt 0:
00:01]} 38. Rd8+ {[%emt 0:00:11]} Kg7 {[%emt 0:00:02]} 39. Nf6 {[%emt 0:00:08]}
Rc8 {[%emt 0:01:29]} 40. Rxc8 {[%emt 0:01:04]} Nxc8 {[%emt 0:00:04]} 41. Ke3 {
[%emt 0:30:11] Invasion by the white king will decide matters: Das Eindringen
des weißen Königs wird die Partie entscheiden.} e5 {[%emt 0:30:55]} (41...
Nd6 42. Kd4 Nb7 43. Kc4 $18) 42. fxe5 {[%emt 0:00:00]} Ne7 {[%emt 0:00:00]} 43.
Kd4 {[%emt 0:00:00]} Nc6+ {[%emt 0:00:00]} 44. Kd5 {[%emt 0:00:00]} Na5 {
[%emt 0:00:00]} 45. Kc5 {[%emt 0:00:00]} Nxb3+ {[%emt 0:00:00]} 46. Kxb4 {
[%emt 0:00:00]} Nd4 {[%emt 0:00:00]} 47. Ka5 {[%emt 0:00:00]} Kf8 {[%emt 0:00:
00]} 48. Kxa6 {[%emt 0:00:00]} Ke7 {[%emt 0:00:00]} 49. a5 {[%emt 0:00:00]} Kd8
{[%emt 0:00:00]} 50. Kb7 {[%emt 0:00:00]} Nb3 {[%emt 0:00:00]} 51. a6 {[%emt 0:
00:00]} Nc5+ {[%emt 0:00:00]} 52. Kb6 {[%emt 0:00:00]} Na4+ {[%emt 0:00:00]}
53. Kc6 {[%emt 0:00:00] Safe from an immediate knight check.
Springerschachschatten} 1-0

[Event "BLR-ch 71st"]
[Site "Minsk"]
[Date "2005.03.05"]
[Round "2"]
[White "Gorovets, Andrey"]
[Black "Kovalev, Andrei"]
[Result "1/2-1/2"]
[WhiteElo "2345"]
[BlackElo "2565"]
[Annotator "Mueller,Karsten"]
[PlyCount "204"]
[EventDate "2005.03.04"]
[EventType "tourn"]
[EventRounds "13"]
[EventCountry "BLR"]
[EventCategory "9"]
[SourceTitle "CBM 106"]
[Source "ChessBase"]
[SourceDate "2005.06.06"]
[SourceVersion "1"]
[SourceVersionDate "2005.06.06"]
[SourceQuality "1"]

1. Nc3 c5 2. e4 Nc6 3. f4 a6 4. a4 e6 5. Bc4 Nf6 6. e5 d5 7. Bf1 Nd7 8. Nf3 f6
9. exf6 Nxf6 10. d3 Bd6 11. g3 O-O 12. Bg2 Bd7 13. O-O Qc7 14. Bd2 Rae8 15. Nh4
Nd4 16. f5 exf5 17. Bg5 Be6 18. Qd2 Qf7 19. Rae1 Kh8 20. Ne2 h6 21. Nxd4 cxd4
22. Bxh6 gxh6 23. Qxh6+ Kg8 24. Ng6 Qg7 25. Qxg7+ Kxg7 26. Nxf8 Bxf8 27. Bh3
Bd7 28. Rxe8 Nxe8 29. Bxf5 Bxa4 30. Be6 Nf6 31. g4 Bxc2 32. g5 Nh7 33. Rf7+ Kg6
34. h4 Bxd3 35. Rd7 Bb5 36. Bf7+ Kg7 37. Rxb7 d3 38. Be8+ Kg8 39. Bxb5 Bc5+ 40.
Kf1 axb5 41. Rxb5 d2 42. Ke2 Bf2 43. Rb8+ Kg7 44. Rb7+ Kg8 45. g6 Nf6 46. Kxd2
Bxh4 47. b4 Nh5 48. Rf7 Bg5+ 49. Kc2 Nf4 50. Rf5 Bh6 51. b5 Nxg6 52. b6 Be3 53.
b7 Ba7 54. Rxd5 Kf7 55. Rd8 Ke7 56. Ra8 Kd7 57. Rxa7 Kc7 58. Ra6 Ne5 59. Rb6
Nd7 60. Rb1 Kc6 61. Rb5 Nb8 62. Kc3 Nd7 63. Kc4 Kc7 64. Kd5 Nb8 65. Rb1 Na6 66.
Rb2 Nb8 67. Rb1 Na6 68. Rc1+ Kxb7 69. Kd6 Kb6 70. Rb1+ Ka5 71. Kc6 Nb4+ 72. Kc5
Nd3+ 73. Kc4 Ne5+ 74. Kd5 Nd3 75. Kd4 Nb4 76. Kc4 Nc2 77. Rb2 {[%tqu "De",
"Wohin mit dem Ross?","","","c2e3","",-2,"c2a3","",2]} Ne3+ $2 ({Das typische} 
77... Na3+ $1 78. Kc5 Ka4 $1 79. Rb8 Nc2 $1 $11 {war vonnöten.}) 78. Kc5 Ka4
79. Rf2 Nd1 80. Rd2 Ne3 81. Rd3 $2 {lässt zu, dass der König wieder an seinen
Springer herankommt.} (81. Rd4+ {hätte den Sack zugemacht:} Ka5 82. Rd3 Nc2 83.
Rc3 $18) 81... Nc2 82. Rd2 Kb3 83. Rh2 Kc3 84. Rh3+ Kd2 85. Kc4 Ne3+ 86. Kd4
Nc2+ 87. Ke4 Ne1 88. Rh2+ Kc3 89. Rh8 Nc2 90. Rd8 Nb4 91. Rc8+ Kd2 92. Rb8 Kc3
93. Rb7 Nc2 94. Rc7+ Kd2 95. Rc4 Ne1 96. Rd4+ Kc3 97. Rd1 Nc2 98. Rd3+ Kc4 99.
Rh3 Nb4 100. Rh8 Kc5 101. Rh5+ Kc4 102. Rh1 Na2 1/2-1/2

[Event "Bundesliga 0405"]
[Site "Germany"]
[Date "2004.12.12"]
[Round "6.2"]
[White "Macieja, Bartlomiej"]
[Black "Schmittdiel, Eckhard"]
[Result "1/2-1/2"]
[WhiteElo "2613"]
[BlackElo "2454"]
[Annotator "Mueller,Karsten"]
[PlyCount "198"]
[EventDate "2004.11.12"]
[EventType "team-tourn"]
[EventRounds "15"]
[EventCountry "GER"]
[SourceTitle "CBM 105"]
[Source "ChessBase"]
[SourceDate "2005.04.11"]
[SourceVersion "1"]
[SourceVersionDate "2005.04.11"]
[SourceQuality "1"]
[WhiteTeam "Wattenscheid"]
[BlackTeam "Stuttgart"]
[WhiteTeamCountry "GER"]
[BlackTeamCountry "GER"]

1. e4 c5 2. Nc3 Nc6 3. Bb5 Nd4 4. Bc4 e6 5. Nge2 a6 6. a4 Qc7 7. d3 g6 8. Nxd4
cxd4 9. Ne2 Bg7 10. O-O Ne7 11. b4 O-O 12. Bb2 Rd8 13. Bxd4 Bxd4 14. Nxd4 d5
15. exd5 Nxd5 16. Bxd5 Rxd5 17. Nb3 b6 18. a5 Bb7 19. Qd2 Rh5 20. f4 b5 21.
Rae1 Rd8 22. Rf2 Ba8 23. d4 Qc4 24. Re5 Rf5 25. Rfe2 Kg7 26. h3 h5 27. Kf2 Bb7
28. Ke1 Bd5 29. Nc5 Rf6 30. c3 Rd6 31. Kf2 Rc6 32. Kg1 Rxc5 33. bxc5 Qa4 34. g4
hxg4 35. hxg4 Bf3 36. g5 Rf5 37. Re1 Qxa5 38. Qe3 Bd5 39. Rxf5 gxf5 40. Qe5+
Kg8 41. Qe3 Qa2 42. Re2 Qb1+ 43. Kf2 Qb3 44. Kg3 a5 45. Kh4 Qd1 46. Qf2 Bc4 47.
c6 Bxe2 48. c7 Qh1+ 49. Kg3 Qc6 50. Qxe2 Qxc3+ 51. Kg2 Qxc7 52. Qxb5 Qxf4 53.
Qe8+ Kg7 54. Qd8 a4 55. Qf6+ Kg8 56. Qd8+ Kh7 57. Qe7 Kg6 58. Qf6+ Kh5 59.
Qxf7+ Kxg5 60. Qg7+ Kh5 61. Qf7+ Kg4 62. Qg6+ Qg5 63. Qxe6 Qd2+ 64. Kh1 $1 {
Macieja bereitet Pattverteidigungen vor.} Qxd4 $6 {Dieser Zug gewinnt zwar
objektiv, ist aus praktischer Sicht aber ein Fehler. Viel einfacher ist} (64...
Qd1+ 65. Kg2 Qc2+ 66. Kg1 Kf3 67. Qd5+ Qe4 68. Qa2 Qxd4+ 69. Kh1 Qd1+ 70. Kh2
Qe2+ $19 {was die Bauern als Schutzschilde für den König nutzt.}) 65. Qg6+ Kf4
66. Qg3+ $5 Ke4 67. Qg2+ Ke5 68. Qg7+ Kd5 69. Qg8+ Ke4 70. Qg2+ Kd3 71. Qf1+
Kd2 72. Qxf5 {Der weiße König ist zwar in der Verlustzone eingesperrt, doch
auf h1 steht er so gut, dass der Gewinn extrem langzügig ist.} a3 73. Qf2+ $5
Kc3 74. Qf3+ Qd3 75. Qf6+ Kc2 76. Qf2+ Qd2 77. Qf5+ Kb2 78. Qb5+ Ka1 79. Qf1+
Ka2 80. Qf7+ Kb1 81. Qf5+ Qc2 82. Qb5+ Qb2 83. Qd3+ Ka1 84. Qd6 $6 (84. Qe3 {
ist zäher.}) 84... a2 $2 (84... Qc1+ 85. Kg2 Kb1 86. Kg3 Qc3+ 87. Kg4 a2 88.
Qd1+ Kb2 89. Qe2+ Kb3 90. Qd1+ Ka3 $19) 85. Qd5 $2 {Zentralisierung ist in der
Regel gut, aber hier liegt eine Ausnahme vor:} (85. Qc6 $8 $11) 85... Kb1 $6 {
Ein ärgerlicher Schnitzer.} (85... Qc1+ 86. Kg2 Kb1 $19) 86. Qe4+ Qc2 87. Qb4+
Kc1 88. Qa3+ Kd1 $2 (88... Kb1 $19) 89. Qf3+ Qe2 90. Qb3+ $2 (90. Qd5+ $8 $11)
90... Ke1 $2 (90... Kc1 {gewinnt in 55 Zügen, wenn die 50 Züge Regel nicht
vorher zuschlagen würde.}) 91. Qc3+ Kf2 92. Qd4+ Kg3 93. Qd6+ Kf2 94. Qd4+ Kf3
95. Qf6+ Kg4 96. Qg6+ Kh4 97. Qf6+ Kh5 98. Qf5+ Kh4 99. Qf2+ $5 Qxf2 (99... Kh3
100. Qe3+ $5 Qxe3 {patt. Von diesen vielen Pattwitzen hat Eckard Schmittdiel
sicher heute noch Alpträume...}) 1/2-1/2